Quiz sur "The Legend of Zelda : Tears of the Kingdom" - Statistiques

Statistiques générales
  • Ce quiz a été pris 245 fois
  • Le résultat moyen est 6 sur 12
Statistiques - réponses
Questions Réponses % Correct
Qui est en réalité le dragon blanc ? Zelda
98%
Quel est le nom du boss final ? Ganondorf, roi démon
89%
Les Griocks, redoutables sous-boss sont présents dans ce jeu, mais lequel est le plus puissant de tous ? Le roi Griock
71%
En quelle créature se change-t-il ? Dragon noir
58%
Combien de sanctuaires peut-on trouver ? 152
52%
Comment se nomme le pouvoir permettant de reconstruire les constructions déjà réalisées ? Duplicata
52%
Qui vient prêter main-forte à Link pour cet ultime combat ? Le dragon blanc
52%
Quel matériau est indispensable pour effectuer ces reconstructions ? Le sonium
44%
Quelles zones ont été rajoutées par rapport à l'opus précédent ? Le ciel et les profondeurs
43%
Comment se nomment ces ennemis extrêmement résistants, mais vulnérables aux attaques élémentaires ? Les Gibdos
32%
Où commence-t-on le jeu ? Dans les profondeurs
25%
Après l'avoir rencontré au fort de guet, Pru'ha nous renvoie au château d'Hyrule où nous y croisons Hoz, quand soudain, une personne apparaît au loin. De qui s'agit-il ? La marionnette de Ganon
8%
Aucun quiz correspondant
Distribution des résultats
% des personnes avec chaque résultat
Percentile par nombre de réponses
Votre historique - résultats
Vous n’avez pas pris ce quiz